00885nam a2200241 a 4500001001000000005001700010008004100027041000800068044000700076050002400083100004700107245006400154260003500218300002400253440008000277500008200357500000800439600004700447902000800494942001100502999001500513952011500528BRCA_708120190320205715.0081211s1921----gw-a######---#000-0#ger-# ager agw 4aQH31.D53b.B49 19211 aBischoff, Charitas (Dietrich)d184891760210aAmalie DietrichbEin leben erzählt von Charitas Bischoff. aBerlínbG. Grote´schec1921 a443 p.bil.c19 cm. 0aGrote´sche Sammlung von Werken zeitgenössicher Schriftstellerv97917603 aEstado físico: lomo, cubiertas y algunas páginas se están desprendiendo aO6914aDietrich, Amalie (Nelle)d1821-1891917604 aGFM 2lcccB c6762d6762 00104070aBRCAbBRCAd2011-12-08iO69l0oQH31.D53 .B49 1921 (O69)p7528r2019-03-22 00:00:00w2019-03-22yB